000 00654nam a2200289Ia 4500
005 20260324144310.0
008 008 260324s9999 xx 000 0 eng d
020 _a9781315792736
037 _aEBOOK
040 _aCRL
040 _beng
040 _cCRL
041 _2eng
041 _aeng
084 _qCRL
100 _aAlan D. Wolfelt
_91218801
245 0 _aDeath And Grief
245 2 _bA Guide For Clergy
260 _bTaylor and Francis
260 _c1988
365 _a
365 _b220
856 _uhttp://www.taylorfrancis.com/books/9781315792736
942 _cEBOOK
999 _c1825260
_d1825260